[Event "GBR-ch 50+ 106th"]
[Site "Torquay"]
[Date "2019.08.02"]
[Round "5"]
[White "Rowan, Paul"]
[Black "McCarron, Peter DJ"]
[Result "0-1"]
[WhiteElo "1873"]
[BlackElo "1720"]
[PlyCount "88"]
[EventDate "2019.07.29"]
[EventType "swiss"]
[EventRounds "7"]
[EventCountry "ENG"]
[SourceTitle "EXT 2020"]
[Source "ChessBase"]
[SourceDate "2019.10.17"]
[SourceVersion "1"]
[SourceVersionDate "2019.10.17"]
[SourceQuality "1"]

1. b3 e5 2. Bb2 Nc6 3. c4 Nf6 4. e3 g6 5. Nf3 d6 6. g3 Bg7 7. Bg2 0-0 8. Nc3 Re8 9. 0-0 Bd7 10. a3 Re7 11. Qc2 a6 12. Nd5 Nxd5 13. cxd5 Na7 14. d4 e4 15. Nd2 f5 16. Rfe1 c6 17. Nxe4 fxe4 18. Bxe4 Rc8 19. f3 Be8 20. dxc6 Bxc6 21. Bxc6 Rxc6 22. Qd3 Rec7 23. Re2 Qc8 24. Rf1 Rc2 25. Rff2 Rxe2 26. Rxe2 d5 27. Kg2 Nb5 28. a4 Nd6 29. e4 dxe4 30. fxe4 b5 31. e5 Nf5 32. axb5 axb5 33. g4 Qb7+ 34. Kh3 Ne7 35. Rf2 Qd5 36. Ba3 Bxe5 37. Re2 Bd6 38. Bxd6 Qxd6 39. Qxb5 Rc3+ 40. Kh4 Qf6+ 41. Qg5 Rh3+ 42. Kxh3 Qxg5 43. Re5 Qf6 44. Kg3 Qd6 0-1

[Event "GBR-ch 50+ 106th"]
[Site "Torquay"]
[Date "2019.08.01"]
[Round "4"]
[White "Gibbs, Dominic V"]
[Black "Rowan, Paul"]
[Result "1-0"]
[WhiteElo "1918"]
[BlackElo "1873"]
[PlyCount "89"]
[EventDate "2019.07.29"]
[EventType "swiss"]
[EventRounds "7"]
[EventCountry "ENG"]
[SourceTitle "EXT 2020"]
[Source "ChessBase"]
[SourceDate "2019.10.17"]
[SourceVersion "1"]
[SourceVersionDate "2019.10.17"]
[SourceQuality "1"]

1. e4 e6 2. d4 d5 3. e5 c5 4. c3 Nc6 5. Nf3 cxd4 6. cxd4 Nge7 7. Nc3 Nf5 8. Be3 Be7 9. Bd3 a6 10. 0-0 g5 11. Ne2 g4 12. Ne1 h5 13. Nc2 Bd7 14. Nf4 Nh4 15. f3 gxf3 16. g3 Rg8 17. Nxh5 Nf5 18. Qxf3 Qb6 19. Bxf5 exf5 20. Qxd5 0-0-0 21. Qc4 Qc7 22. Nf4 Bg5 23. Nd5 Be6 24. Nxc7 Bxc4 25. Rxf5 Nxd4 26. Bxd4 Bd3 27. Rf2 Kxc7 28. Rd1 Bxc2 29. Rxc2+ Kb8 30. Rc3 b6 31. Rcd3 Kb7 32. Kf2 Rd5 33. Bc3 Rxd3 34. Rxd3 Kc7 35. Rf3 Rf8 36. Bb4 Rd8 37. h4 Bd2 38. Rxf7+ Kc6 39. Rf6+ Kb5 40. Bd6 Bc1 41. b3 Bb2 42. a4+ Ka5 43. Rf4 Bc3 44. Rc4 Bd2 45. Ke2 1-0

[Event "West Bromwich Midland op-B"]
[Site "West Bromwich"]
[Date "2017.08.12"]
[Round "2"]
[White "Riley, Mark"]
[Black "Rowan, Paul"]
[Result "0-1"]
[WhiteElo "1727"]
[BlackElo "1881"]
[PlyCount "70"]
[EventDate "2017.08.11"]
[EventType "swiss"]
[EventRounds "5"]
[EventCountry "ENG"]
[SourceTitle "CBM 180 Extra"]
[Source "ChessBase"]
[SourceDate "2017.10.06"]
[SourceVersion "1"]
[SourceVersionDate "2017.10.06"]
[SourceQuality "1"]

1. e4 c5 2. Nf3 e6 3. d4 cxd4 4. Nxd4 Nc6 5. Nb5 d6 6. Bf4 e5 7. Be3 Nf6 8. Bg5 Be6 9. N1c3 a6 10. Bxf6 gxf6 11. Na3 b5 12. Nd5 Be7 13. c3 0-0 14. Nc2 f5 15. Bd3 Kh8 16. Nce3 f4 17. Nf5 Bg5 18. Qf3 Rb8 19. Qh5 Rg8 20. h4 Bf6 21. Nxd6 Qxd6 22. Nxf6 Rg7 23. 0-0-0 Bxa2 24. Nd5 Bb3 25. Bc2 Bxc2 26. Kxc2 Qc5 27. Kb1 Qxf2 28. g4 Qf3 29. Nf6 b4 30. Rhf1 Qe2 31. Rfe1 Qf2 32. Rf1 Qb6 33. Nd7 Qb7 34. Nxb8 bxc3 35. Rd8+ Nxd8 0-1

[Event "BCF-ch U180"]
[Site "Coventry"]
[Date "2015.07.30"]
[Round "4"]
[White "Gartside, Carl"]
[Black "Rowan, Paul"]
[Result "1/2-1/2"]
[WhiteElo "1826"]
[BlackElo "1916"]
[PlyCount "80"]
[EventDate "2015.07.27"]
[EventType "swiss"]
[EventRounds "5"]
[EventCountry "ENG"]
[SourceTitle "EXT 2016"]
[Source "ChessBase"]
[SourceDate "2015.10.08"]
[SourceVersion "1"]
[SourceVersionDate "2015.10.08"]
[SourceQuality "1"]

1. d4 d5 2. c4 e6 3. cxd5 exd5 4. Nc3 c5 5. dxc5 d4 6. Ne4 Bf5 7. Ng3 Bg6 8. e4 Bxc5 9. Bd3 Nc6 10. Nf3 Nf6 11. 0-0 0-0 12. a3 a6 13. b4 Ba7 14. Re1 Nd7 15. Ne2 Re8 16. Nf4 Nde5 17. Nxg6 Nxg6 18. Bb2 Qd7 19. Qd2 b5 20. Rad1 Nge5 21. Qe2 Rad8 22. h3 Qe6 23. Rd2 Nc4 24. Rc2 Nxb2 25. Rxb2 Ne5 26. Nxe5 Qxe5 27. Rc1 Rc8 28. Rbc2 Rxc2 29. Qxc2 g6 30. Qc6 Qe6 31. Qb7 Re7 32. Qa8+ Kg7 33. Rc8 Qb3 34. Bc2 Qxa3 35. Rg8+ Kf6 36. e5+ Rxe5 37. Qd8+ Re7 38. Qd6+ Re6 39. Qf4+ Ke7 40. Qc7+ Kf6 1/2-1/2

[Event "BCF-ch Atkins op"]
[Site "Aberystwyth"]
[Date "2014.07.26"]
[Round "2"]
[White "Gosling, Brian GE"]
[Black "Rowan, Paul"]
[Result "0-1"]
[WhiteElo "1919"]
[BlackElo "1916"]
[PlyCount "102"]
[EventDate "2014.07.25"]
[EventType "tourn"]
[EventRounds "5"]
[EventCountry "WLS"]
[SourceTitle "EXT 2017"]
[Source "ChessBase"]
[SourceDate "2016.10.25"]
[SourceVersion "1"]
[SourceVersionDate "2016.10.25"]
[SourceQuality "1"]

1. e4 c5 2. d3 b5 3. a4 b4 4. Nd2 e6 5. Ngf3 d5 6. Be2 Nc6 7. 0-0 Bd6 8. Re1 Nge7 9. Nf1 d4 10. Ng3 0-0 11. Nd2 Na5 12. Bf3 Bxg3 13. hxg3 e5 14. Bg4 Qd6 15. f4 f6 16. Bxc8 Raxc8 17. Nf3 c4 18. Bd2 Nb7 19. a5 c3 20. bxc3 dxc3 21. Be3 Nc6 22. a6 Nc5 23. fxe5 fxe5 24. Ng5 Rf6 25. Qh5 h6 26. Nf3 Rcf8 27. Kh2 Ne6 28. d4 Nexd4 29. Bxd4 exd4 30. e5 Qc5 31. g4 Re6 32. Re4 g5 33. Nxg5 hxg5 34. Qxg5+ Kh7 35. Kg3 Rh6 36. Rae1 Qe7 37. Qxe7+ Nxe7 38. Rxd4 Rb8 39. Rd7 Re6 40. Rb1 Kg6 41. Rxa7 Nc6 42. Rc7 Nd4 43. a7 Rf8 44. Re1 Nxc2 45. Rb7 Nxe1 46. Rb8 Ra6 47. Rxf8 Rxa7 48. Rf6+ Kg7 49. Rf1 Nd3 50. e6 Re7 51. Rd1 c2 0-1

[Event "Coventry e2e4 U1950 op"]
[Site "Coventry"]
[Date "2013.08.25"]
[Round "4"]
[White "Paul, Nathanael"]
[Black "Rowan, Paul"]
[Result "1-0"]
[WhiteElo "1875"]
[BlackElo "1888"]
[PlyCount "57"]
[EventDate "2013.08.23"]
[EventType "swiss"]
[EventRounds "7"]
[EventCountry "ENG"]
[SourceTitle "EXT 2015"]
[Source "ChessBase"]
[SourceDate "2014.11.20"]
[SourceVersion "1"]
[SourceVersionDate "2014.11.20"]
[SourceQuality "1"]

1. e4 c5 2. Nf3 e6 3. d4 cxd4 4. Nxd4 Nc6 5. Nc3 Qc7 6. Be3 a6 7. Be2 Nf6 8. 0-0 Bb4 9. f3 b5 10. a4 Nxd4 11. Qxd4 Bxc3 12. Qxc3 Qxc3 13. bxc3 bxa4 14. Bc5 d5 15. e5 Nd7 16. Bd6 f6 17. f4 Nb6 18. Rfb1 Nc4 19. Bxc4 dxc4 20. Rxa4 Kf7 21. Rxc4 Rd8 22. Kf2 Bd7 23. Rc7 Ke8 24. Rbb7 a5 25. f5 exf5 26. e6 Bc8 27. Re7+ Kf8 28. Rxg7+ Rxd6 29. Rbf7+ 1-0